<?xml version="1.0" encoding="UTF-8"?>
<marc:record xmlns:marc="http://www.loc.gov/MARC21/slim">
   <marc:leader>00000nam a2200000 a 4500</marc:leader>
   <marc:datafield ind1="0" ind2="0" tag="245">
      <marc:subfield code="a">Pippi Langstrumpf außer Rand und Band [Bildtonträger]</marc:subfield>
   </marc:datafield>
   <marc:datafield ind1=" " ind2="1" tag="264">
      <marc:subfield code="b">Studio 100 Media GmbH</marc:subfield>
      <marc:subfield code="c">2013</marc:subfield>
   </marc:datafield>
   <marc:datafield ind1="1" ind2=" " tag="490">
      <marc:subfield code="a">Pippi Langstrumpf</marc:subfield>
   </marc:datafield>
   <marc:datafield ind1="1" ind2=" " tag="520">
      <marc:subfield code="a">Tommy und Annika haben es recht schwer mit den Eltern, ständiges Ermahnen und unliebsame Aufträge, wie Unkrautjäten, bringen keine fröhliche Stimmung. So beschließen die Kinder, zusammen mit Pippi wegzulaufen. Das Vagabundenleben bietet anfangs viele neue Reize und sie lernen dabei auch den alten Hausierer Konrad kennen. Doch bald schon kommen erste Schwierigkeiten, da sie nichts mehr zu essen haben und auch über keine einzige Münze verfügen. Durch Pippis Einfallsreichtum schaffen sie es einigermaßen weitgehend. Pippi versucht sich als Seiltänzerin, doch die Polizei schreitet ein, und so wandern zunächst einmal alle ins Gefängnis. Doch auch dies kann die Abenteuer der drei Ausreißer nicht stoppen...</marc:subfield>
   </marc:datafield>
   <marc:datafield ind1=" " ind2=" " tag="041">
      <marc:subfield code="a">ger</marc:subfield>
   </marc:datafield>
   <marc:datafield ind1=" " ind2=" " tag="338">
      <marc:subfield code="a">Videodisk</marc:subfield>
   </marc:datafield>
   <marc:datafield ind1=" " ind2=" " tag="300">
      <marc:subfield code="a">1 DVD</marc:subfield>
   </marc:datafield>
</marc:record>
